[Event "Yingmei Cup CHN-chT 2017"]
[Site "?"]
[Date "2017.11.04"]
[Round "18"]
[White "Zhai, Mo"]
[Black "Wang, Jue"]
[Result "1/2-1/2"]
[WhiteElo "2300"]
[BlackElo "2352"]
[Annotator "TA"]
[PlyCount "61"]
[EventDate "2017.??.??"]
[SourceTitle "Tianjin"]

1. d4 d5 2. c4 c6 3. Nf3 Nf6 4. Nc3 e6 5. Bg5 Nbd7 6. e3 Qa5 7. Nd2 Bb4 8. Qc2
O-O 9. Be2 c5 10. Bxf6 {D52: Queen's Gambit Declined: Cambridge Springs
Variation} Nxf6 11. Nb3 Qc7 (11... Bxc3+ 12. bxc3 Qa4 13. Rc1 cxd4 14. cxd4
Qb4+ 15. Qd2 Qxd2+ 16. Nxd2 dxc4 17. Nxc4 Bd7 {1-0 (71) Radjabov,T (2710)
-Dreev,A (2652) Doha 2016}) 12. dxc5 dxc4 13. Bxc4 Bxc5 {LiveBook: 6 Games.
The position is equal.} 14. Bd3 Bd7 15. Nxc5 Qxc5 16. O-O Rac8 17. Rac1 Rfd8
18. Qb1 Bc6 19. Rfd1 h6 $146 ({Predecessor:} 19... Qg5 20. Bf1 Qh4 21. f3 Qg5
22. e4 Nh5 23. Kh1 Ng3+ 24. hxg3 Qh5+ {1/2-1/2 (24) Schuhmacher,J (1657)-Greif,
G (1268) Willingen 2008}) 20. Ne4 Qe7 21. Nxf6+ Qxf6 22. h3 Qe5 23. Rc3 Ba4 (
23... g6 {is interesting.} 24. Bf1 Kg7 25. a3 Qf6 26. Qc1 Rxd1 27. Qxd1 Rd8)
24. Bc2 Bxc2 25. Rxd8+ Rxd8 26. Qxc2 $11 {KQR-KQR} Qd5 27. Rc8 Rxc8 28. Qxc8+
Kh7 29. Qc2+ Kg8 30. Qc8+ Kh7 31. Qc2+ {Precision: White = 67%, Black = 42%.}
1/2-1/2

[Event "Yingmei Cup CHN-chT 2017"]
[Site "?"]
[Date "2017.11.04"]
[Round "18"]
[White "Ren, Xiaoyi"]
[Black "Ju, Wenjun"]
[Result "0-1"]
[WhiteElo "2254"]
[BlackElo "2579"]
[Annotator "TA"]
[PlyCount "138"]
[EventDate "2017.??.??"]
[SourceTitle "Tianjin"]

1. d4 d6 2. Nf3 Nf6 3. c4 g6 4. Nc3 Bf5 5. Nh4 Bd7 6. e4 e5 7. dxe5 {E61:
King's Indian: Early deviations for White, including Smyslov System} dxe5 8.
Nf3 Nc6 9. Be2 Bg7 {LiveBook: 3 Games} 10. O-O O-O 11. Be3 (11. h3 Be6 12. Be3
Qxd1 13. Rfxd1 Rfd8 14. Nd5 Nxe4 15. Nxc7 Rac8 16. Nxe6 fxe6 17. Bd3 Nf6 18.
Ng5 Nb4 19. Bf1 Nc2 20. Nxe6 Rxd1 21. Rxd1 Nxe3 22. fxe3 {1/2-1/2 (97) Li,C 
(2751)-Mamedov,R (2650) Huaian 2016}) 11... Ng4 12. Bc5 $146 ({Predecessor:} 
12. Bg5 Qc8 13. Nd5 Re8 14. h3 {0-1 (50) Korhonen,E (1949)-Miettinen,T (1992)
Helsinki 2008}) 12... Re8 13. h3 b6 14. Ba3 Nf6 15. c5 {[#]} Nd4 $1 16. Bc4 (
16. Nxd4 exd4) 16... Be6 17. Bxe6 Rxe6 18. Re1 Nd7 $36 {Black fights for an
advantage.} 19. Rc1 Bh6 20. Rb1 Nxc5 21. b4 ({White should play} 21. Bxc5 bxc5
22. b3) 21... Nb7 $17 22. Nd5 {[#]} c6 $1 23. Ne3 Bg7 24. Nc2 {[#]} Nxf3+ ({
Better is} 24... a5 $1 $19 25. Ncxd4 exd4) 25. Qxf3 Nd6 26. Rbd1 Qc7 27. Rd3
Rd8 28. Red1 Ree8 29. Qg4 h5 30. Qh4 Nb7 31. Rxd8 (31. Qg5 $17) 31... Rxd8 $19
32. Rxd8+ Nxd8 ({Don't take} 32... Qxd8 33. Qxd8+ Nxd8 34. Bb2 $17) 33. Qg3 (
33. Qg5 $142) 33... Qd6 34. Qc3 Ne6 35. Ne3 Nd4 {...Ne2+ is the strong threat.}
36. Qe1 Qe6 37. Qa1 f5 38. exf5 gxf5 {Hoping for ...f4.} 39. Bb2 f4 40. Nf1 f3
41. Bxd4 exd4 42. Qd1 (42. gxf3 $142 Qxh3 43. Qd1) 42... fxg2 ({Not} 42... Qxa2
43. Qxf3 Qd5 44. Qd3 $17) 43. Kxg2 Qg6+ 44. Kh1 Qf5 45. Qb3+ Kh7 46. Qg3 $2 (
46. Kg2) 46... c5 47. bxc5 bxc5 {Strongly threatening ...c4.} 48. Nd2 {[#]} c4
$1 49. Nf3 (49. Nxc4 Qd5+) 49... Bf6 50. h4 Kh6 51. Ng5 Qg4 {And now . ..Qxg3
would win.} 52. Nf7+ Kg6 {( -> ...Qxg3)} 53. Qc7 Qxh4+ 54. Kg1 Qg4+ (54... d3
$142 55. Nd6 Qg5+ 56. Kf1 Qd5 57. Qb7 Qxd6 58. Qb1 Qh2 59. Qb7 Qh3+ 60. Kg1
Qg4+ 61. Kh1 d2 62. Qb1+ Kh6 63. Qf1 d1=Q 64. Qxd1 Qxd1+ 65. Kh2 c3 66. Kg2 c2
67. Kh2 c1=Q 68. Kh3 Qh1+ 69. Kg3 Bh4#) 55. Kf1 Qh3+ 56. Kg1 Qe6 57. Nd8 Qe7 (
57... Qd5 $142 58. Nc6 d3 59. Qg3+ Kh6) 58. Qxc4 Qxd8 59. Qd3+ Kg7 60. f4 Qe7 {
Black mates.} 61. Qf5 Qe1+ 62. Kg2 Qe2+ 63. Kh1 Qf3+ 64. Kh2 d3 65. Qd7+ Kh6
66. Qd6 Kg6 67. a4 h4 68. Qb8 Qg3+ 69. Kh1 Qh3+ {Precision: White = 29%, Black
= 66%.} 0-1

[Event "Yingmei Cup CHN-chT 2017"]
[Site "?"]
[Date "2017.11.04"]
[Round "18"]
[White "Zhang, Lanlin"]
[Black "Guo, Qi"]
[Result "1/2-1/2"]
[WhiteElo "2175"]
[BlackElo "2394"]
[Annotator "TA"]
[PlyCount "137"]
[EventDate "2017.??.??"]
[SourceTitle "Tianjin"]

1. e4 e5 2. Nf3 Nc6 3. Bb5 a6 4. Ba4 Nge7 5. O-O g6 6. c3 Bg7 7. d4 exd4 8.
cxd4 b5 {C60: Ruy Lopez: Unusual Black 3rd moves and 3...g6} 9. Bb3 O-O 10. Nc3
d6 11. h3 Na5 12. Bc2 (12. Be3 Bb7 13. d5 Nxb3 14. Qxb3 c5 15. dxc6 Nxc6 16. a4
Na5 17. Qb4 Nc6 18. Qb3 Na5 19. Qb4 Nc6 20. Qb3 {1/2-1/2 (20) Anton Guijarro,D
(2654)-Van Kampen,R (2643) Linares 2017}) 12... Bb7 13. Re1 c5 14. d5 Nc4 15.
Rb1 Re8 16. Ne2 Nc8 $146 17. b3 Ne5 18. Nh2 Nd7 19. Ng4 Qe7 20. Ng3 Ncb6 21.
Be3 (21. Bh6 $14) 21... Qf8 22. Qd2 h5 23. Nh2 b4 24. Qd1 Bc3 25. Bd2 Bxd2 26.
Qxd2 a5 27. f4 a4 28. Bd3 axb3 29. axb3 Qg7 (29... Ba6 $11) 30. Nf3 (30. Bb5 $1
$14) 30... Ra5 {[#]} (30... Ba6 $11) 31. Kh1 (31. f5 $1 $16) 31... Rea8 32. f5
Ra1 33. Qf4 (33. e5 $14 Rxb1 34. Bxb1 dxe5 35. Be4) 33... Rxb1 $11 34. Rxb1 {
Threatens to win with fxg6.} Qf6 $1 35. Bb5 Ra1 ({Black should play} 35... Ba6
$11 36. Bxa6 Rxa6) 36. Rxa1 $14 Qxa1+ {[#]} 37. Kh2 ({White should try} 37. Nf1
$1 $16) 37... Qf6 $11 38. Nd2 h4 39. Ngf1 $1 Qe5 40. Qxe5 Nxe5 41. Ne3 Bc8 42.
fxg6 fxg6 43. g3 g5 44. gxh4 gxh4 45. Ng2 Ng6 46. Be8 Ne5 {...c4 is the strong
threat.} 47. Nxh4 c4 48. bxc4 Nbxc4 49. Nb3 Ne3 50. Kg3 Kf8 51. Bb5 Nd1 {
With the idea ...Nc3.} 52. Bf1 Bd7 53. Nf3 {aiming for Nxe5.} Nxf3 54. Kxf3 $14
{Endgame KBN-KBN} Ba4 55. Nd2 b3 56. Bd3 b2 57. h4 Nc3 58. Kf4 Bd1 (58... Bb5
$11 {keeps the balance.} 59. Bxb5 Nxb5) 59. Kg5 ({Better is} 59. Ke3 $16) 59...
Be2 $11 {The position is equal.} 60. Bc2 $1 Bd1 61. Bd3 Be2 62. Bc2 $1 Nb5 63.
Kf6 Na3 64. Bb1 Nxb1 65. Nxb1 Bd3 66. Nc3 {[#]} Bxe4 $1 67. Ke6 (67. Nxe4 b1=Q)
67... b1=Q 68. Nxb1 Bxb1 69. Kxd6 {Precision: White = 57%, Black = 58%.}
1/2-1/2

[Event "Yingmei Cup CHN-chT 2017"]
[Site "?"]
[Date "2017.11.04"]
[Round "18"]
[White "Sun, Fanghui"]
[Black "Kashlinskaya, Alina"]
[Result "0-1"]
[WhiteElo "2126"]
[BlackElo "2455"]
[Annotator "TA"]
[PlyCount "52"]
[EventDate "2017.??.??"]
[SourceTitle "Tianjin"]

1. e4 e6 2. d3 d5 3. Nd2 Nf6 4. Ngf3 Nc6 5. e5 Nd7 6. d4 f6 7. exf6 Qxf6 8. Nb3
{C00: French: Unusual White 2nd moves} Bd6 9. Bg5 Qf7 {LiveBook: 3 Games} 10.
Be3 $146 {Black has an edge.} ({Predecessor:} 10. Bh4 e5 11. dxe5 Ndxe5 12. Be2
O-O 13. Ng5 Qf4 14. Qxd5+ Kh8 15. Qe4 Qxe4 16. Nxe4 {0-1 (29) Gundavaa,B (2516)
-Ponkratov,P (2605) Khanty-Mansiysk 2013}) 10... h6 11. Be2 O-O 12. O-O Nf6 13.
h3 (13. c4 $11) 13... Bd7 (13... e5 $15) 14. Nc1 Be8 15. Nd3 Nd7 16. b3 e5 17.
dxe5 Ndxe5 18. Ndxe5 Nxe5 19. c4 Bc6 20. Nd4 Bd7 21. f4 (21. Bh5 $14 g6 22. Be2
) 21... Qe7 $11 {White must now prevent ...Nxc4.} 22. Nc2 ({Of course not} 22.
cxd5 Nc4 $17) 22... dxc4 23. bxc4 (23. Qd5+ $15 Be6 24. Qxb7) 23... Ng6 $17 {
And now ...Ba4 would win.} 24. Qd5+ {[#]} (24. Bg4 $142 Ba4 25. c5 Bxf4 26. Qd4
) 24... Kh8 $1 {...Ba4 is the strong threat.} 25. Bd3 Bc6 26. Qd4 $2 {[#]} (26.
Qh5 $17 Be4 27. Bxe4 Qxe4 28. Bd4 Bxf4 29. Rf2) 26... Nxf4 $1 {Precision:
White = 26%, Black = 63%.} 0-1

[Event "Yingmei Cup CHN-chT 2017"]
[Site "?"]
[Date "2017.11.04"]
[Round "18"]
[White "Hong, Xing"]
[Black "Huang, Qian"]
[Result "0-1"]
[WhiteElo "2023"]
[BlackElo "2436"]
[Annotator "TA"]
[PlyCount "54"]
[EventDate "2017.??.??"]
[SourceTitle "Tianjin"]

1. e4 b6 2. d4 Bb7 3. Bd3 e6 4. Nf3 c5 5. c3 Ne7 {LiveBook: 17 Partien} 6. h4 {
B00: Damenfianchetto, Nimzowitsch-Verteidigung} d6 $146 ({Vorgänger:} 6...
Nbc6 7. a3 d5 8. e5 c4 9. Bc2 h6 10. h5 Qd7 11. Nh4 O-O-O 12. Be3 f6 13. f4 Kb8
{1-0 (61) Sveshnikov,E (2570)-Tseshkovsky,V (2595) Tashkent 1980}) 7. Bf4 a6 8.
Na3 {Weiß steht besser.} Nbc6 (8... d5 $14 9. e5 Nd7) 9. Qe2 ({Lieber} 9. Nc4
$16 Ng6 10. Bg5) 9... cxd4 $14 10. cxd4 d5 11. e5 Nb4 12. Bb1 Nec6 13. Bg5 Qd7
14. O-O h6 15. Be3 Be7 16. Nc2 Nxc2 17. Qxc2 (17. Bxc2 {keeps more tension.} a5
18. Rfc1 Ba6 19. Qd1 O-O 20. a3) 17... g5 18. hxg5 hxg5 19. Nxg5 Nxd4 $1 20.
Bxd4 Bxg5 21. f4 Be7 22. f5 (22. Qd2 $11) 22... Rc8 $17 23. Qf2 $2 {[#]} (23.
Qd2 $17 Rc4 24. Rf4) 23... Rc4 $1 $19 {Und weiter mit ...Txd4! wäre nett.} 24.
Rd1 $2 (24. b4 {war einen Versuch wert.} Bxb4 25. fxe6 Qxe6 26. Bf5) 24... Qc6
{Schwarz steht klar auf Gewinn.} 25. fxe6 {[#]} Rxd4 $1 ({Nicht} 25... Qxe6 26.
Bf5 $15) 26. Qxf7+ Kd8 27. Bh7 Qc5 {Precision: Weiß = 37%, Schwarz = 57%.} 0-1